• 首页
  • 本馆介绍
  • 公告通知
  • 最新文献
  • 馆藏检索
  • 电子资源
  • 读者导购
  • 参考咨询
  • 我的图书馆
  • 登录
  • 详细信息显示
  • 放入我的书架
  • 预约/预借图书
  • 作者相关作品
  • 分类相关作品
  • 丛书相关作品
  • 出版社相关作品

书目信息

  • 表格格式
  • 工作单格式
  • 卡片格式
题名:
千家诗
    
 
作者: 冯慧娟 编
分册:  
出版信息: 长春   吉林出版集团有限责任公司  2015
页数: 157页
开本: 22cm
丛书名: 全民阅读·经典小丛书
单 册:
中图分类: I222.72
科图分类:
主题词: 古典诗歌--Gu Dian Shi Ge--诗集--中国
电子资源:
ISBN: 978-7-5534-7550-9
000 00754nam 2200229 450
001 2357237870
005 20231109132145.62
010    @a978-7-5534-7550-9@dCNY32.00
100    @a20160615d2015 em y0chiy50 ea
101 0  @achi
102    @aCN@b220000
105    @aa z 000gy
200 1  @a千家诗@Aqian jia shi@f冯慧娟编
210    @a长春@c吉林出版集团有限责任公司@d2015
215    @a157页@c图@d22cm
225 2  @a全民阅读·经典小丛书@AQuan Min Yue Du·Jing Dian Xiao Cong Shu@v009
410  0 @12001 @a全民阅读·经典小丛书@AQuan Min Yue Du·Jing Dian Xiao Cong Shu@v009
606 0  @a古典诗歌@AGu Dian Shi Ge@x诗集@y中国
690    @aI222.72@v5
701  0 @a冯慧娟@Afeng hui juan@4编
801  0 @aCN@b山东中教@c20230926
905    @aBZT@dI222.72@e11
    
    千家诗/冯慧娟编.-长春:吉林出版集团有限责任公司,2015
    157页:图;22cm.-(全民阅读·经典小丛书;009)
    
    
    ISBN 978-7-5534-7550-9:CNY32.00
    
●
相关链接 在五车中查询图书 在当当中查询图书 在豆瓣中查询图书


正题名:千家诗     索取号:I222.72/11         预约/预借

序号 登录号 条形码 馆藏地/架位号 状态 备注
1 2000956463   2000956463   第四书库/四12架A面1层1列/ [索取号:I222.72/11] 在馆    
2 2000956464   2000956464   第四书库/四12架A面1层1列/ [索取号:I222.72/11] 在馆    
3 2000956465   2000956465   第四书库/四12架A面1层1列/ [索取号:I222.72/11] 在馆    
4 2000956466   2000956466   第四书库/四12架A面1层1列/ [索取号:I222.72/11] 在馆    
5 2000956467   2000956467   第四书库/四12架A面1层1列/ [索取号:I222.72/11] 在馆    
6 2000956468   2000956468   第四书库/四12架A面1层1列/ [索取号:I222.72/11] 在馆    
山东省滨州职业学院图书馆 欢迎您!
大连网信软件有限公司© 版权所有